000 01064nam a2200265Ia 4500
003 OSt
005 20221005105711.0
006 a|||||r|||| 00| 0
007 ta
008 221004b |||||||| |||| 00| 0 hin d
020 _a9789352359714 (pbk)
_cIndian Rupees 500
024 _a28624
037 _bGift, 20/02/2017,
_cTextual
040 _aCRL
_cCRL
_bhin
041 _2hin
_ahin
082 _aO152:g, Q5
100 _aगोयनका, कमल किशोर, संपा.
245 0 _aप्रवासी साहित्य जोहान्सबर्ग से आगे
246 _aPravāsī sāhitya johānsabarga se āge
260 _aनई दिल्ली
_bविदेश मंत्रालय भारत सरकार साउथ ब्लॉक भारत
_c2015
300 _a408पृ0
_ccm.
650 _aहिन्दी साहित्य
942 _hO152:g, Q5
_cTEXL
_2cc
999 _c1016615
_d1016615